LEADER 02257nam a2200409 u 4500 001 000000004866 003 CaOOAMICUS 005 20070226104710.0 008 941010m19911993it u000 u eng u 020 $a881402796X (v. 1) 020 $a8814038686 (v. 2) 035 $a10128814 040 $aPUL(R)$bita 041 0 $aeng$aita$afre$aspa$apor 111 2 $aAlma mater studiorum saecularia nona$d(1988 :$cBologna).$0(OLS)http://pul/name/5051 245 10$aLaws and rights :$bproceedings of the international congress of sociology of law for the ninth centenary of the University of Bologna, (May 30 - June 3, 1988) 260 $aMilano :$bGiuffrè,$c1991-1993. 300 $a2 v. ;$c24 cm 490 1 $aSeminario giuridico dell'Università di Bologna. Miscellanee ;$v14 500 $aSul front.: Alma Mater Studiorum Saecularia Nona. 504 $aBibliografia in nota. 505 0 $av. 1. Panels and sessions / ed. by Vincenzo Ferrari. -- v. 2. Working groups / ed. by Vincenzo Ferrari and Carla Caralli. 650 4$aDiritto e società$xCongressi.$0(OLS)http://pul/subject/4254 700 1 $aFaralli, Carla.$0(OLS)http://pul/name/5053 700 1 $aFerrari, Vincenzo,$d1940-$0(OLS)http://pul/name/5052 710 2 $aInternational Sociological Association.$0(OLS)http://pul/name/5054 830 0$aMiscellanee (Università degli studi di Bologna. Seminario giuridico) ;$v14.$0(OLS)http://pul/title/7048 850 $aPUL 852 $aPUL$W1$xSL Diritto e Scienze Sociali 1$y4$m237 F 65-66$j6782$nBK-PRI$b $qStampati$B6782$CPULBib$Z2$F6782 $H $81 852 $aPUL$W1$xSL Diritto e Scienze Sociali 1$y4$m237 F 65-66$j6782$nBK-PRI$b $qStampati$B6783$CPULBib$Z2$F6783 $H $81 941 1 $a8 961 $aINV: 72495-72496 961 $aINV: 72495-72496 996 $6020$a881402796X (v. 1)$9(OLS)http://pul/number/6265 996 $6020$a8814038686 (v. 2)$9(OLS)http://pul/number/6266 996 $6245$aLaws and rights :$bproceedings of the international congress of sociology of law for the ninth centenary of the University of Bologna, (May 30 - June 3, 1988)$9(OLS)http://pul/title/7047 996 $6260$aMilano :$bGiuffrè$9(OLS)http://pul/publisher/48401 LEADER 01856nam a2200361 a 4500 001 000000174640 003 CaOOAMICUS 005 20210709102924.0 008 210709s2017 be boda u000 u mul r 020 $a978-94-6270-1014* 032 $aLibriCat 040 $aPUL$bita 245 00$aDiogenes of Oinoanda : $bepicureanism and philosophical debates = Dioge?ne d'?noanda : e?picurisme et controverses /$cedited by Ju?rgen Hammerstaedt, Pierre-Marie Morel, Refik Gu?remen. 260 $aLeuven :$bLeuven University Press ;$a[S.l.] :$bDe Wulf-Mansioncentre,$c©2017. 300 $axxv, 321 p. :$bfotofr., graf., ill., c.geogr.;$c24 cm 490 1 $aAncient and medieval philosophy. Series 1 ;$v55 500 $aInclude indice. 500 $a"De Wulf-Mansion Centre, series I". 504 $aBibliografia in nota. 650 4$aDiogenes Oenoandensis,$aSec. II.$0(OLS)http://pul/subject/46476 650 4$aEpicureismo.$0(OLS)http://pul/subject/1463 700 1 $aHammerstaedt, Ju?rgen.$0(OLS)http://pul/name/112220 700 1 $aMorel, Pierre-Marie,$d1963-$0(OLS)http://pul/name/89607 700 1 $aGu?remen, Refik.$0(OLS)http://pul/name/112221 830 0$aAncient and medieval philosophy.$nSeries 1 ;$v55.$0(OLS)http://pul/title/225 850 $aPUL 852 $aPUL$W1$xSL Religione 1$y3$m80 H 55$j198951$qStampati$B203583$CPULBib$Z2$F203583 $H135059 $82 941 1 $a8 996 $6020$a978-94-6270-1014*$9(OLS)http://pul/number/168262 996 $6245$aDiogenes of Oinoanda : $bepicureanism and philosophical debates = Dioge?ne d'?noanda : e?picurisme et controverses$9(OLS)http://pul/title/215945 996 $6260$aLeuven :$bLeuven University Press$9(OLS)http://pul/publisher/48301 996 $6260$a[S.l.] :$bDe Wulf-Mansioncentre$9(OLS)http://pul/publisher/81778